Načítá se...

The law of limited liability partnerships

Podrobná bibliografie
Hlavní autor: Whittaker, John Machell, John
Médium: Printed Book
Jazyk:English
Vydáno: West Sussex Bloomsbury professional 2009
Vydání:3rd ed.
Témata:
LEADER 00619nam a22001817a 4500
003 OSt
008 100913t xxu||||| |||| 00| 0 eng d
020 |a 9781847663221 
080 |a 347.724  |b WHI 
100 |a Whittaker, John  |a Machell, John  |9 16237 
245 |a The law of limited liability partnerships 
250 |a 3rd ed. 
260 |a West Sussex  |b Bloomsbury professional  |c 2009 
300 |a lxvii,572p. 
653 |a Limited liability partnership 
942 |c REF  |6 _ 
999 |c 195166  |d 195166 
952 |0 0  |1 0  |4 0  |6 347724_WHI  |7 0  |8 REF  |9 250916  |a SLS  |b SLS  |d 2010-09-13  |l 1  |o 347.724 WHI  |p SLS027684  |r 2016-11-17  |s 2016-11-05  |w 2010-09-13  |y REF